Responses for Show #3402 - Tuesday, May 25, 1999

Michael Rooney game 5.

Contestants

[<< previous game]

Elena McFann, a vice president of network management from Long Beach, California

Andy Miller, a foreign service officer from Tel Aviv, Israel

Michael Rooney, a college instructor from Pasadena, California (whose 4-day cash winnings total $40,001)

[next game >>]

Jeopardy! Round responses

BALLET
FAMOUS NAMES
THE 1840s
SITCOMS CHANGE
A DRIVING TOUR
ONE WORD OFF
(Alex: I will give you a clue, you have to come up with the incorrect word in the clue that I will read.)
    $100 24
(Elena: What is "The Nutcracker"?)

Swan Lake

MichaelElena
    $100 15
Walt Disney

Michael
    $100 2
Annapolis

Elena
    $100 3
Home Improvement

Elena
    $100 12
autobahns

Michael
    $100 1
(Michael: What is Flanders?)
(Andy: What is spring?)

Yonkers (for England)

MichaelAndy
Triple Stumper
    $200 16
"Dizzy"

Andy
    $200 8
(Michael: What is Neptune?)

California Gold Rush

Michael
Triple Stumper
    $200 4
Roseanne

Elena
    $200 13
Red Square

Andy
    $200 22
(Andy: What is "world" which should be "word"?)
...
(Alex: Less than a minute to go.)

baby (for lady)

Andy
Triple Stumper
    $300 19
Francis Gary Powers

Andy
    $300 9
slavery

Michael
    $200 5
NewsRadio

Elena
    $300 14
the Shrine Auditorium

Michael
    $300 25
earnest (for honest)

Michael
    $400 20
(Alex: Creator of The Addams Family.)

Charles Addams

Triple Stumper
    $400 10
Rhode Island

Andy
    $400 6
A Different World

Triple Stumper
    $400 17
South Africa

Elena
    $400 23
jaws (for claws)

Elena
    $500 21
(Elena: What is David?)

Davison

Elena
Triple Stumper
    $500 11
the mail

Triple Stumper
    $500 7
Archie Bunker's Place

Michael
    $500 18
Sarajevo

Michael
    $500 26
[The end-of-round signal sounds.]

dive (for find)

Andy

Scores at the first commercial break (after clue 13):

Michael Andy Elena
$600 $500 $600

Scores at the end of the Jeopardy! Round:

Michael Andy Elena
$1,900 $1,300 $800

Double Jeopardy! Round responses

WORLD CAPITALS
WEDDINGS
HISSSTORY
BIG SCREEN BADDIES
THE VICE PREZ SEZ
THE "UN"CATEGORY
    $200 6
Stockholm

Michael
    $200 1
Elvis Presley

Elena
    $200 21
Cleopatra

Michael
    $200 26
(Andy: Who is Calkin?)

Macaulay Culkin

MichaelAndy
    $200 11
Dan Quayle

Andy
    $200 16
unmentionables

Elena
    $400 7
Sofia

Michael
    $400 2
person who gives the bride away

Elena
    $400 22
the serpent

Elena
    $400 27
Lex Luthor

Andy
    $400 12
Calvin Coolidge

Michael
    $400 17
unleavened

Elena
    $600 8
(Michael: What is Ankara?)
(Elena: What is Manila?)

Lisbon

MichaelElena
Triple Stumper
    $600 3
Elizabeth Taylor

Michael
    $600 23
"Dont Tread on Me"

Andy
    $600 13
(Michael: What is a hood ornament?)

spare tire

Michael
Triple Stumper
    $600 18
undulation

Andy
    $800 9
New Delhi

Michael
    $800 4
De Beers

Andy
    $2,400 24
(Alex: Less than a minute to go in the round.)

"Copperheads"

Andy
    $800 28
[The end-of-round signal sounds.]

Chuck Norris

Michael
    $800 14
Hubert Humphrey

Michael
    $800 19
unconscious

Michael
    $2,000 10
Santo Domingo

Michael
    $1000 5
(Andy: Who is Brahms?)

Felix Mendelssohn ("The Wedding March")

Andy
Triple Stumper
    $1000 25
(Michael: What is "Caucedeus"?)

caduceus

MichaelElena
    $1000 15
Henry Wallace

Triple Stumper
    $1000 20
"Prometheus Unbound"

Michael

Scores at the end of the Double Jeopardy! Round:

Michael Andy Elena
$7,900 $5,100 $2,800

[wagering suggestions for these scores]

Final Jeopardy! Round responses

ROMAN EMPERORS
(Alex: You're right on average, Michael!
In addition to the cash, you get to come back in the tournament, and you get your choice of those cars. What have you selected?)
(Michael: Well, as much as I would like to drive a "Yuppie Tank", I'll go for two Camaros!)
ElenaWho are Pontius Pilate & Herod
$0
AndyWho were Caesar & Herod
$5,100
MichaelWho were Augustus & Tiberius
$2,300
Augustus Caesar & Tiberius

Final scores:

Michael Andy Elena
$10,200 $0 $2,800
5-day champion: $50,201 3rd place: Marantz Stereo Combo 2nd place: Techmedia Desktop PC system

Game dynamics:

Coryat scores:

Michael Andy Elena
$6,900 $3,500 $2,900
20 R
(including 1 DD),
5 W
11 R
(including 1 DD),
4 W
12 R
(including 1 DD),
3 W

Combined Coryat: $13,300

[game clues] [game scores] [suggest correction]

Game tape date: 1999-02-23
The J! Archive is created by fans, for fans. Scraping, republication, monetization, and malicious use prohibited; this site may use cookies and collect identifying information. See terms. The Jeopardy! game show and all elements thereof, including but not limited to copyright and trademark thereto, are the property of Jeopardy Productions, Inc. and are protected under law. This website is not affiliated with, sponsored by, or operated by Jeopardy Productions, Inc. Join the discussion at JBoard.tv.